Микропроцессорная система программного управления электроприводом сортовых ножниц; Промышленные АСУ и контроллеры; № 4

ग्रंथसूची विवरण
Parent link:Промышленные АСУ и контроллеры: ежемесячный научно-технический производственный журнал.— , 2002-
№ 4.— 2006.— С. 15-17
मुख्य लेखक: Поляков Б. Н.
भाषा:रूसी
प्रकाशित: 2006
श्रृंखला:АСУ для промышленных предприятий
विषय:
स्वरूप: MixedMaterials पुस्तक अध्याय
KOHA link:https://koha.lib.tpu.ru/cgi-bin/koha/opac-detail.pl?biblionumber=401070

MARC

LEADER 00000naa2a2200000 4500
001 401070
005 20231101065504.0
035 |a (RuTPU)RU\TPU\prd\44025 
090 |a 401070 
100 |a 20060609a2006 k y0rusy50 ca 
101 0 |a rus 
102 |a RU 
200 1 |a Микропроцессорная система программного управления электроприводом сортовых ножниц  |f Б. Н. Поляков 
225 1 |a АСУ для промышленных предприятий 
320 |a Библиогр.: 4 назв. 
461 0 |0 (RuTPU)RU\TPU\prd\2287  |t Промышленные АСУ и контроллеры  |o ежемесячный научно-технический производственный журнал  |d 2002- 
463 0 |0 (RuTPU)RU\TPU\prd\43562  |t № 4  |v С. 15-17  |d 2006 
610 1 |a микропроцессорные системы 
610 1 |a программное управление 
610 1 |a сортовые ножницы 
610 1 |a электроприводы 
610 1 |a заготовочные прокатные станы 
610 1 |a обрудование 
610 1 |a нагруженность 
610 1 |a снижение 
610 1 |a моделирование 
610 1 |a информационно-управляющие параметры 
610 1 |a варианты реализации 
700 1 |a Поляков  |b Б. Н. 
801 1 |a RU  |b 63413507  |c 20060609  |g PSBO 
942 |c BK